1069 1071 1877 1613 1047 1541 1744 1935 1344 1357 1761 1658 1602 1644 1430 1787 1663 1101 1204 1009 1571 1365 1202 1257 1635 1911 1950 1916 1086 1770 1479 1015 1414 1681 1831 1871 1241 1717 1535 1990 1589 1565 1469 1089 1041 1070 1415 1663 1203 1447 1034 1437 1553 1719 1127 1257 1610 1254 1303 1633 1202 1866 1790 1446 1872 1028 1210 1182 1619 1852 1611 1463 1932 1298 1060 1580 1634 1881 1974 1417 1219 1752 1911 1193 1836 1275 1153 1666 1455 1319 1896 1780 1344 1954 1987 1163 1817 1636 1850 BCNSPRNW ULIB Ver.6.0+V

เปลี่ยนเป็นภาษาไทย

Change to English
 แสดงรายละเอียดบรรณานุกรม
  กลับหน้าหลัก

Brief Record : Get Marc (ISO 2709) : E-mail record : QR code < ปิดหน้าต่าง
LEADER : 00000nam 2200000uu 4500
001    13399114402
003     ULIB
008    110727s||||||||th 000 0 tha d
020    9786167068329
050  4 HA62^bบ422ก
100 0  บุญชม ศรีสะอาด
245 00 การวิจัยเบื้องต้น /^cบุญชม ศรีสะอาด
250    พิมพ์ครั้งที่ 8(ฉบับปรับปรุงใหม่)
260    กรุงเทพฯ :^bสุวีริยาสาส์น,^c2553
300    219 หน้า
650  7 วิจัย
945    ^p250^l0^i031493
945    ^p250^l0^i031494
945    ^p250^l0^i031495
995    ทศพร
999 ^a ทศพร
รายการนี้ยังไม่มีแท็ก
คุณยังไม่ได้ล็อกอิน คุณสามารถมีกิจกรรมร่วมกับเว็บไซต์ได้ แต่ต้องล็อกอินก่อน ::
  ล็อกอิน

รายการสื่อสารสนเทศ

ลำดับที่ ประเภท เลขเรียก/บาร์โค้ด สถานที่ สถานะ
- ไม่พบข้อมูล -

รายการใกล้เคียง
    ผู้แต่ง [บุญชม ศรีสะอาด]

    หัวเรื่อง [วิจัย]

BibComment


ยังไม่เคยถูกคอมเมนท์

คอมเมนท์ทรัพยากรรายการนี้
  คอมเมนท์: การวิจัยเบื้องต้น..


 Copyright 2026. Bcnsprnw @Library